000 00590nam a2200253Ia 4500
003 OSt
005 20220912152522.0
006 a|||||r|||| 00| 0
007 ta
008 220909b |||||||| |||| 00| 0 eng d
024 _a43963
037 _cTextual
040 _aCSL
_beng
_cCSL
041 _aeng
082 _aG9553-9515:5, N0
100 _aAdam P
245 0 _aSaltmarsh ecology
260 _c1990
300 _ap.
_ccm.
650 _a Tidemarsh ecology
650 _aBiology
942 _hG9553-9515:5, N0
_cTEXL
_2CC
999 _c87680
_d87680